000 00615nam a2200205 a 4500
001 000023064
005 20200930021950.0
008 101125s1973 bl r 000 j spa d
040 _aDO-SdBNP
_bspa
_cBNPHU
082 _axxx
_bA368s
100 1 _aAlencar, José Martiniano de
_947479
245 1 0 _aSenhora :
_bromance brasileiro /
_cJosé Martiniano de Alencar; ilustración de Louis Specker.
250 _a13a ed.
260 _aSão Paulo :
_bMelhoramentos,
_c1973.
300 _a287 p. ;
_c20 cm.
490 _aPanorama
700 1 _aSpecker, Louis,
_eil.
_947480
830 0 _aPanorama
_920255
049 _aBNGR
999 _c22561
_d22561